Veterinary medicine research and reports.

Bibliographic Details
Format: Electronic Serial
Language:English
Published: [Auckland, N.Z.] : Dovepress, 2010-
Subjects:
Online Access:Full text available from Research Library: 01/01/2010 to present

MARC

LEADER 00000nas a2200000 i 4500
001 ssj0000608055
003 WaSeSS
005 20200512172242.0
006 m d
007 cr n
008 101028c20109999nz ax s 0 0eng c
010 |a  2013201549  |z  2018243134 
022 |a 2230-2034  |l 2230-2034 
035 |a (WaSeSS)ssj0000608055 
040 |a NZ1  |b eng  |c NZ1  |d NTE  |d CUS  |d SERSO  |d OCLCF  |d OCLCO  |d OCLCQ  |d TXA  |d OCLCO  |d NTG  |d AU@  |d OCLCO  |d WYU  |d OCLCQ  |d OCLCO  |d CNMTR  |d OCLCQ  |d WaSeSS 
042 |a pcc 
050 1 4 |a SF604 
060 |a W1 
082 0 4 |a 636.089 
130 0 |a Veterinary medicine (Auckland, N.Z.) 
210 1 |a Vet. med.  |b (Auckl.) 
222 0 |a Veterinary medicine  |b (Auckland) 
245 1 0 |a Veterinary medicine  |h [electronic resource] :  |b research and reports. 
246 1 |i Title in HTML header:  |a Journal of veterinary medicine 
260 |a [Auckland, N.Z.] :  |b Dovepress,  |c 2010- 
310 |a Annual 
362 1 |a Began with: Volume 1 (2010). 
500 |a Archived by the National Library of New Zealand. 
500 |a Hypertext links contained in the archived instances of this title are non-functional.  |5 Nz 
506 |a License restrictions may limit access. 
515 |a Articles added irregularly during the year and collected into annual issues. 
538 |a Mode of access: World Wide Web. 
588 0 |a Volume 1 (2010); title from caption (Dovepress.com, viewed June 10, 2013). 
588 1 |a 9 (2018) (viewed May 9, 2018). 
650 0 |a Veterinary medicine  |v Periodicals. 
650 1 2 |a Veterinary Medicine. 
650 7 |a Veterinary medicine.  |2 fast  |0 (OCoLC)fst01165977 
655 0 |a Electronic journals. 
856 4 0 |z Full text available from Research Library: 01/01/2010 to present  |u https://search.proquest.com/publication/3933268